|
|
|
|
| LEADER |
00000cas a2200000 c 4500 |
| 001 |
169404765 |
| 003 |
DE-627 |
| 005 |
20230409235612.0 |
| 007 |
tu |
| 008 |
941104d19581994xxuz| m| 0 |0eng c |
| 016 |
7 |
|
|a 015207528
|2 DE-101
|
| 016 |
7 |
|
|a 981408-5
|2 DE-600
|
| 022 |
|
|
|a 0434-992X
|
| 035 |
|
|
|a (DE-627)169404765
|
| 035 |
|
|
|a (DE-576)010906940
|
| 035 |
|
|
|a (DE-599)ZDB981408-5
|
| 035 |
|
|
|a (OCoLC)1367989871
|
| 040 |
|
|
|a DE-627
|b ger
|c DE-627
|e rakwb
|
| 041 |
|
|
|a eng
|
| 044 |
|
|
|c XD-US
|
| 082 |
0 |
4 |
|a 050
|q DE-600
|
| 245 |
0 |
0 |
|a Tab books
|
| 264 |
3 |
1 |
|a Blue Ridge Summit, Pa.
|b Tab Books
|c [1958?-1994?]
|
| 336 |
|
|
|a Text
|b txt
|2 rdacontent
|
| 337 |
|
|
|a ohne Hilfsmittel zu benutzen
|b n
|2 rdamedia
|
| 338 |
|
|
|a Band
|b nc
|2 rdacarrier
|
| 362 |
0 |
|
|a No. 75 [?]-No. 4515 [?]
|
| 363 |
0 |
0 |
|a 75
|i 1958
|
| 363 |
1 |
0 |
|i 1994
|a 4515
|
| 515 |
|
|
|a Höhere Auflagen einzelner Ausgaben nach 1958 erschienen
|
| 655 |
|
7 |
|a Monografische Reihe
|0 (DE-588)4179998-7
|0 (DE-627)104628669
|0 (DE-576)209995106
|2 gnd-content
|
| 935 |
|
|
|i sdedup20221020
|
| 951 |
|
|
|a ST
|
| ELC |
|
|
|b 1
|
| LOK |
|
|
|0 000 xxxxxcx a22 zn 4500
|
| LOK |
|
|
|0 001 2082761525
|
| LOK |
|
|
|0 003 DE-627
|
| LOK |
|
|
|0 004 169404765
|
| LOK |
|
|
|0 005 19951007000000
|
| LOK |
|
|
|0 008 891124||||||||||||||||ger|||||||
|
| LOK |
|
|
|0 040
|a DE-21
|c DE-627
|d DE-21
|
| LOK |
|
|
|0 852
|a DE-21
|
| LOK |
|
|
|0 852 1
|9 00
|
| LOK |
|
|
|0 866
|x NAK
|
| LOK |
|
|
|0 939
|a 24-11-89
|b l01
|
| LOK |
|
|
|0 000 xxxxxcx a22 zn 4500
|
| LOK |
|
|
|0 001 2556864265
|
| LOK |
|
|
|0 003 DE-627
|
| LOK |
|
|
|0 004 169404765
|
| LOK |
|
|
|0 005 20071127164726
|
| LOK |
|
|
|0 008 071127||||||||||||||||ger|||||||
|
| LOK |
|
|
|0 040
|a DE-21-43
|c DE-627
|d DE-21-43
|
| LOK |
|
|
|0 852
|a DE-21-43
|
| LOK |
|
|
|0 852 1
|m p
|9 00
|
| LOK |
|
|
|0 935
|a k043
|a kneu
|
| LOK |
|
|
|0 938
|k p
|
| LOK |
|
|
|0 939
|a 27-11-07
|b l01
|
| ORI |
|
|
|a SA-MARC-krimdokb001.raw
|
| SPR |
|
|
|a 1
|t KRI
|